00301nam a2200121Ia 4500008004100000082001300041100001900054245003200073250001300105260004500118300000800163650000800171191201s2011 xx 000 0 und d a332bSRB aSRIVASTAVA,P.K 0aBanking theory and practice a10th Rep aN. delhibHimala Publication Housec2011 a678 aMBA